| 000 | 00601nam a2200217 a 4500 | ||
|---|---|---|---|
| 001 | 57676 | ||
| 003 | BD-RjUL | ||
| 005 | 20211209080536.0 | ||
| 008 | 181004s1951 uk 000 0 eng d | ||
| 035 | _a(BD-RjUL)57800 | ||
| 040 |
_aDLC _cMOG _dUKM _dEQO _dBD-RjUL _beng |
||
| 041 | _aeng | ||
| 082 |
_a297 _223 _bNIG 1951 |
||
| 100 | 1 |
_aNicolson, Angus. _9223255 |
|
| 245 | 1 | 2 |
_aA guide to Islam / _cby Rev. Angus Nicolson |
| 260 |
_a[Great Britain] : _bStirling Tract Enterprise, _c[1951] |
||
| 300 |
_a79 p. : _bill. ; _c19 cm |
||
| 650 | 0 |
_aIslam _9223256 |
|
| 942 |
_2ddc _cRAR |
||
| 999 |
_c57676 _d57676 |
||